The interaction of variable stars with their environment (Record no. 5830)

MARC details
000 -LEADER
fixed length control field 00718nam a2200205Ia 4500
003 - CONTROL NUMBER IDENTIFIER
control field IN-BaIIA
008 - FIXED-LENGTH DATA ELEMENTS--GENERAL INFORMATION
fixed length control field 211028s9999 xx 000 0 eng d
040 ## - CATALOGING SOURCE
Transcribing agency IIA Library
080 ## - UNIVERSAL DECIMAL CLASSIFICATION NUMBER
Universal Decimal Classification number 082.2:52
Item number IAU-C42
245 #4 - TITLE STATEMENT
Title The interaction of variable stars with their environment
Statement of responsibility, etc. edited by R. Kippenhahn, J. Rahe and W. Strohmeier.
260 ## - PUBLICATION, DISTRIBUTION, ETC.
Place of publication, distribution, etc. Bamberg
Name of publisher, distributor, etc. Astronomisches Institut Der Universitat Erlangen-Nurnberg
Date of publication, distribution, etc. 1977
300 ## - PHYSICAL DESCRIPTION
Extent [various pagings.]
650 ## - SUBJECT ADDED ENTRY--TOPICAL TERM
Topical term or geographic name entry element Astronomy and astrophysics thesaurus
650 ## - SUBJECT ADDED ENTRY--TOPICAL TERM
Topical term or geographic name entry element Interacting binary stars
9 (RLIN) 10096
650 ## - SUBJECT ADDED ENTRY--TOPICAL TERM
Topical term or geographic name entry element Variable stars
9 (RLIN) 1140
700 ## - ADDED ENTRY--PERSONAL NAME
Personal name Kippenhahn, R., ed.
9 (RLIN) 10097
700 ## - ADDED ENTRY--PERSONAL NAME
Personal name Rahe, J., ed.
9 (RLIN) 10098
700 ## - ADDED ENTRY--PERSONAL NAME
Personal name Strohmeier, W.,ed.
9 (RLIN) 10099
942 ## - ADDED ENTRY ELEMENTS (KOHA)
Koha item type Books
Holdings
Withdrawn status Lost status Damaged status Not for loan Home library Current library Shelving location Date acquired Total Checkouts Full call number Barcode Date last seen Price effective from Koha item type
        IIA Library-Bangalore IIA Library-Bangalore General Stacks 13/06/1978   082.2:52/ IAU-C42 6521 05/11/2021 13/06/1978 Books

Powered by Koha